Investičné fondy, investičné spoločnosti, podielové fondy, prvá a druhá vlna kupónovej privatizácie

Mimoriadna sekcia časopisu venovaná investičným fondom, investičným spoločnostiam a podielovým fondom, ktoré vznikli v prvej vlne kupónovej privatizácie na Slovensku. Ich účasť na kapitálovom trhu. Druhá vlna: povolenie MF SR získalo 152 investičných fondov. Štatistické údaje.

Na minha lista:
Detalhes bibliográficos
Formato: Capítulo de Livro
Idioma:eslovaco
Assuntos:
Tags: Adicionar Tag
Sem tags, seja o primeiro a adicionar uma tag!

MARC

LEADER 00000naa a2200000 4500
001 r024334
005 20221205091138.2
041 0 |a slo 
044 |a SK 
245 1 0 |a Investičné fondy, investičné spoločnosti, podielové fondy, prvá a druhá vlna kupónovej privatizácie 
520 |a Mimoriadna sekcia časopisu venovaná investičným fondom, investičným spoločnostiam a podielovým fondom, ktoré vznikli v prvej vlne kupónovej privatizácie na Slovensku. Ich účasť na kapitálovom trhu. Druhá vlna: povolenie MF SR získalo 152 investičných fondov. Štatistické údaje. 
610 2 0 |a fondy investičné 
610 2 0 |a spoločnosti investičné 
610 2 0 |a fondy podielové 
610 2 0 |a privatizácia 
610 2 0 |a trh kapitálový 
610 2 0 |a Slovensko 
610 2 0 |a kupóny